| 000 | 00514nam a2200181Ia 4500 | ||
|---|---|---|---|
| 008 | 191130s2005##################000#0#eng## | ||
| 020 | _a9788130700212 | ||
| 040 |
_aACL _cACL |
||
| 082 | _a133.43 FRA | ||
| 100 | _aFrazer, James George | ||
| 245 |
_aGolden Bough : a study of magic and religion _cSir James George Frazer |
||
| 260 |
_aNew Delhi _bCosmo Publications _c2005 |
||
| 300 | _a784p | ||
| 650 | _aMagic | ||
| 990 | _a19e8fb96ac10000c53bc223602e3073d | ||
| 991 | _a437800 | ||
| 999 |
_c196417 _d196417 |
||